000 00280nam a22001217a 4500
020 _a9781926686639
082 _a628.168
_bPAL/WA
100 _aPalmer, Emmanuel
_9185
245 _aWater Pollution
260 _aCanada
_bApple Academic Press
_c2010
300 _a320
942 _cBK
999 _c14156
_d14156